00536nam a2200193 a 4500001001300000003000900013005001700022008004100039020000900080082001700089100002600106245005100132260004800183300001000231500003500241505002400276650001600300700002600316nice12345678IN_TiNIC20260116013628.0050524s1985 dela grp 000 0 eng  ac3000a340.59bMUS1 aMuslehuddin, Mohammad aPhilosophy of Islamic Law and the Orientalists aDelhibMarkazi Maktaba Jamat-E-Islamic1985 a302 p aincludes index and biblioraphy2 aIndex, Bibliography aIslamic-Law1 aMuslehuddin, Mohammad